1646 1253 1074 1037 1879 1775 1276 1389 1534 1486 1675 1106 1557 1752 1442 1698 1204 1140 1573 1054 1600 1975 1232 1538 1426 1774 1770 1586 1731 1314 1356 1260 1963 1840 1580 1987 1723 1056 1325 1722 1619 1852 1376 1715 1775 1279 1040 1692 1941 1537 1424 1700 1485 1102 1350 1561 1320 1357 1849 1804 1100 1755 1623 1143 1978 1083 1204 1549 1540 1499 1475 1859 1472 1492 1288 1945 1379 1529 1146 1565 1353 1525 1431 1246 1725 1861 1806 1996 1936 1599 1785 1612 1243 1165 1814 1513 1378 1724 1112 BCNSPRNW ULIB Ver.6.0+V

เปลี่ยนเป็นภาษาไทย

Change to English
 แสดงรายละเอียดบรรณานุกรม
  กลับหน้าหลัก

Brief Record : Get Marc (ISO 2709) : E-mail record : QR code < ปิดหน้าต่าง
LEADER : 00000nam 2200000uu 4500
001    13399127064
003     ULIB
008    020711s2559 th a 000 0 tha d
020    ^a9786162277665
060    ^aWS103^bต-ข
100    ^aตุ๊บปอง
245    ^aเข้าใจ...เข้าใจ ชุดคำพ่อสอน
250    ^aพิมพ์ครั้งที่ 1
260    ^aกรุงเทพฯ :^bบริษัท แปลน ฟอร์ คิดส์ จำกัด,^c2559
300    ^a24 หน้า;^b21 ซม.
650    ^aเด็ก^xการเรียนการสอน
945    ^p95^l0^i006252
999    ^aประนอม เกษจรัล
รายการนี้ยังไม่มีแท็ก
คุณยังไม่ได้ล็อกอิน คุณสามารถมีกิจกรรมร่วมกับเว็บไซต์ได้ แต่ต้องล็อกอินก่อน ::
  ล็อกอิน

รายการสื่อสารสนเทศ

ลำดับที่ ประเภท เลขเรียก/บาร์โค้ด สถานที่ สถานะ
1. วิทยาศาสตร์การแพทย์ และสุขภาพ
วิทยาศาสตร์การแพทย์ และสุขภาพ
WS103 ต-ข ฉ.1 
  Barcode: 006252
ห้องสมุดวิทยาเขตสวรรค์ประชารักษ์
►หนังสือทั่วไป
บนชั้น

รายการใกล้เคียง
    ผู้แต่ง [ตุ๊บปอง]

BibComment


ยังไม่เคยถูกคอมเมนท์

คอมเมนท์ทรัพยากรรายการนี้
  คอมเมนท์: เข้าใจเข้าใจ ชุด..


 Copyright 2026. Bcnsprnw @Library